00785nam a22002177a 450000500170000001000150001702000260003203500140005803700090007208200110008124500980009225000060019026000440019627000700024030000200031070000330033070000330036394200220039699900190041895201300043720250716114530.0 aENG-145989 a9789381615119c695.00 aEN-129521 bDBAD 21a080 aRelevance of Nehru's Thoughts in Present Scenario/cEdited By Kiran Angra [and] Karanjit Kaur a1 aNew DelhibPragatisheel Prakashanc2012 aN-3/25, First Floor, Mohan Garden, Uttam NagarbNew Delhie110059 a205p.c22cm(hb) aAngra, Kiran eEditor983028 aKaranjit KaureEditor983029 2ddccENmRELh080 c212391d212391 001040718NFICaDBADbDBADd2025-07-16eDBADg695.00l0oREL 080pEN-129521r2025-07-16 00:00:00t1v695.00w2025-07-16yEN